000 00429nam a2200157Ia 4500
008 240729s9999 xx 000 0 und d
022 _a1726-801X
245 0 _aBulletin of the Chemical Society of Ethiopia
260 _aEthiopia
260 _bChemical Society of Ethiopia
650 _a Chemistry
650 _aScience
856 _uhttps://doaj.org/toc/d3956948ed594d15ae1bd2b08fedde4c
942 _2ddc
942 _cDOAJEJ
999 _c67403
_d67403
945 _a1
_bMadushi Gamage
_c1
_dMadushi Gamage